[Event "FRA-ch U20 Girls"]
[Site "Montlucon"]
[Date "2011.04.21"]
[Round "5"]
[White "Rodange, Barbara"]
[Black "Vinckier, Delphine"]
[Result "0-1"]
[WhiteElo "1730"]
[BlackElo "1832"]
[PlyCount "54"]
[EventDate "2011.04.17"]
[EventType "swiss"]
[EventRounds "9"]
[EventCountry "FRA"]
[SourceTitle "CBM 142 Extra"]
[Source "ChessBase"]
[SourceDate "2011.06.27"]
[SourceVersion "1"]
[SourceVersionDate "2011.06.27"]
[SourceQuality "1"]

1. e4 e6 2. d4 d5 3. Nc3 Nf6 4. e5 Nfd7 5. Qh5 g6 6. Qg4 c5 7. Nf3 cxd4 8. Nxd4 Nxe5 9. Qg3 Bg7 10. Bf4 Nbc6 11. Nxc6 Nxc6 12. Bc7 Qd7 13. Bd6 Nd4 14. Bd3 e5 15. Bc5 a6 16. 0-0-0 Ne6 17. Bb4 b5 18. Rhe1 Bb7 19. Bf1 d4 20. Rxe5 Bxe5 21. Qxe5 0-0-0 22. Ba5 Nc7 23. Rxd4 Qc6 24. Nd5 Nxd5 25. Rxd5 Rde8 26. Qd4 Qxd5 27. Qf4 Re7 0-1

[Event "FRA-ch U20 Girls"]
[Site "Montlucon"]
[Date "2011.04.20"]
[Round "4"]
[White "Vinckier, Delphine"]
[Black "Richard, Emma"]
[Result "1/2-1/2"]
[WhiteElo "1832"]
[BlackElo "2077"]
[PlyCount "123"]
[EventDate "2011.04.17"]
[EventType "swiss"]
[EventRounds "9"]
[EventCountry "FRA"]
[SourceTitle "CBM 142 Extra"]
[Source "ChessBase"]
[SourceDate "2011.06.27"]
[SourceVersion "1"]
[SourceVersionDate "2011.06.27"]
[SourceQuality "1"]

1. e4 c5 2. c3 Nc6 3. d4 cxd4 4. cxd4 d5 5. exd5 Qxd5 6. Nf3 e6 7. Nc3 Qd8 8. Bf4 Nf6 9. Be2 Be7 10. 0-0 0-0 11. a3 a6 12. Bd3 b5 13. Rc1 Bb7 14. Be3 Rc8 15. Ne4 Nxd4 16. Nxf6+ Bxf6 17. Nxd4 Rxc1 18. Qxc1 Bxd4 19. Rd1 Qd5 20. f3 Rc8 21. Qd2 g6 22. Kh1 Bf6 23. Qe2 Qb3 24. Bc1 Bd5 25. h3 Bc4 26. Bxc4 Rxc4 27. Bh6 Rc8 28. Rd2 Qa4 29. Rd1 Qh4 30. Be3 Qg3 31. Bf2 Qc7 32. Be3 Qe5 33. Qd2 Qxb2 34. Qd7 Qc2 35. Bh6 Qc7 36. Qd3 Rd8 37. Qe2 Rxd1+ 38. Qxd1 Bg7 39. Be3 a5 40. Qd3 b4 41. axb4 axb4 42. Qb5 Qd6 43. Qa4 Qb8 44. Qb3 Qe5 45. Bd2 Qa1+ 46. Kh2 Be5+ 47. f4 Bc3 48. Be3 Qa3 49. Qc4 Qa8 50. Bc5 Qb8 51. Be3 b3 52. Qxc3 b2 53. Ba7 Qb7 54. Qa5 Qc8 55. Qb5 Qc3 56. Bb8 f6 57. Bd6 h5 58. Qe8+ Kh7 59. Qf7+ Kh8 60. Qf8+ Kh7 61. Qf7+ Kh8 62. Qf8+ 1/2-1/2

[Event "FRA-chT Top 12 (Women) GpA"]
[Site "Bennwihr"]
[Date "2011.02.13"]
[Round "4.2"]
[White "Vinckier, Delphine"]
[Black "Congiu, Mathilde"]
[Result "0-1"]
[WhiteElo "1830"]
[BlackElo "2242"]
[PlyCount "94"]
[EventDate "2011.02.11"]
[EventType "team-tourn"]
[EventRounds "5"]
[EventCountry "FRA"]
[SourceTitle "EXT 2012"]
[Source "ChessBase"]
[SourceDate "2011.11.24"]
[SourceVersion "1"]
[SourceVersionDate "2011.11.24"]
[SourceQuality "1"]
[WhiteTeam "Tours de Haute Picardie (W)"]
[BlackTeam "Vandoeuvre (W)"]
[WhiteTeamCountry "FRA"]
[BlackTeamCountry "FRA"]

1. e4 d5 2. exd5 Qxd5 3. Nc3 Qa5 4. d4 Nf6 5. Nf3 c6 6. Bd2 Bf5 7. Bc4 e6 8. 0-0 Bb4 9. a3 Bxc3 10. Bxc3 Qc7 11. Re1 0-0 12. Bd2 Nbd7 13. Bf1 a5 14. g3 Rfd8 15. Bg2 Bg4 16. Qc1 Qb6 17. Be3 Qb5 18. h3 Bh5 19. c4 Qa6 20. Nd2 a4 21. Qc3 Rac8 22. b3 b5 23. bxa4 Qxa4 24. Reb1 Nb6 25. Rb4 Qa6 26. Qb2 Nxc4 27. Nxc4 bxc4 28. Rb6 c3 29. Qb3 Qa5 30. Qb4 Qxb4 31. Rxb4 c2 32. Rb2 Bg6 33. Kh2 Nd5 34. Bxd5 cxd5 35. a4 e5 36. Rc1 exd4 37. Bxd4 Rc4 38. Bb6 Ra8 39. a5 d4 40. Rb5 Be4 41. Re5 d3 42. Be3 f6 43. Rb5 Ra4 44. Bd2 Bf3 45. Rb3 Be2 46. Kg2 Kf7 47. Rb6 R8xa5 0-1

[Event "FRA-chT Top 12 (Women) GpA"]
[Site "Bennwihr"]
[Date "2011.02.11"]
[Round "1.2"]
[White "Vinckier, Delphine"]
[Black "Maisuradze, Nino"]
[Result "0-1"]
[WhiteElo "1830"]
[BlackElo "2272"]
[PlyCount "78"]
[EventDate "2011.02.11"]
[EventType "team-tourn"]
[EventRounds "5"]
[EventCountry "FRA"]
[SourceTitle "EXT 2012"]
[Source "ChessBase"]
[SourceDate "2011.11.24"]
[SourceVersion "1"]
[SourceVersionDate "2011.11.24"]
[SourceQuality "1"]
[WhiteTeam "Tours de Haute Picardie (W)"]
[BlackTeam "Bischwiller (W)"]
[WhiteTeamCountry "FRA"]
[BlackTeamCountry "FRA"]

1. e4 c5 2. Nf3 Nc6 3. c3 Nf6 4. Bd3 d6 5. Bc2 Bg4 6. d3 g6 7. h3 Bxf3 8. Qxf3 Bg7 9. 0-0 Rc8 10. Qe2 0-0 11. Nd2 b5 12. a3 b4 13. Nf3 Nd7 14. Bd2 a5 15. Ba4 Qb6 16. Rab1 Qb7 17. Rfc1 Ndb8 18. Qe3 e5 19. Nh2 Kh8 20. g4 f5 21. gxf5 gxf5 22. exf5 Rxf5 23. Qe4 Rcf8 24. f3 b3 25. Bxc6 Nxc6 26. Rf1 Qd7 27. Ng4 h5 28. Nh2 Ne7 29. Rf2 Ng6 30. Rg2 d5 31. Qe1 Qf7 32. Qg3 Kh7 33. Kh1 Bf6 34. Rbg1 Rg8 35. Qf2 d4 36. c4 a4 37. Bg5 Bxg5 38. Rxg5 Rxg5 39. Rxg5 Nf4 0-1

[Event "FRA-ch U20 Girls"]
[Site "Troyes"]
[Date "2010.04.17"]
[Round "7"]
[White "Forestier, Carole"]
[Black "Vinckier, Delphine"]
[Result "1-0"]
[WhiteElo "2127"]
[BlackElo "1811"]
[PlyCount "113"]
[EventDate "2010.04.11"]
[EventType "swiss"]
[EventRounds "9"]
[EventCountry "FRA"]
[SourceTitle "EXT 2012"]
[Source "ChessBase"]
[SourceDate "2011.11.24"]
[SourceVersion "1"]
[SourceVersionDate "2011.11.24"]
[SourceQuality "1"]

1. c4 b6 2. Nf3 Bb7 3. g3 Nf6 4. Bg2 e6 5. 0-0 Be7 6. Nc3 0-0 7. Re1 d6 8. d4 Nbd7 9. e4 e5 10. Qc2 c6 11. b3 Qc7 12. Ba3 Rfe8 13. Rad1 a5 14. Re2 Ba6 15. Red2 b5 16. Ne2 bxc4 17. bxc4 Nb6 18. c5 Nc4 19. cxd6 Nxa3 20. dxc7 Nxc2 21. Rxc2 Nxe4 22. Nc1 Bb5 23. Nxe5 f5 24. Nxc6 Bd6 25. Nxa5 Bxc7 26. Rxc7 Rxa5 27. Bf1 Bxf1 28. Kxf1 Rd8 29. f3 Nf6 30. Ke1 Ra4 31. Rc5 g6 32. d5 Ra6 33. Rc6 Rxc6 34. dxc6 Rc8 35. Nd3 Rxc6 36. Kd2 Nd5 37. Rc1 Ra6 38. Rc2 Kg7 39. Kc1 Ra3 40. Rd2 Ne3 41. Ne5 Kf6 42. f4 Ke6 43. Kb2 Ra6 44. Kb3 Rb6+ 45. Ka4 Nd5 46. Ka5 Rb8 47. a4 Ra8+ 48. Kb5 Nc3+ 49. Kc6 Nxa4 50. Rd6+ Ke7 51. Rd7+ Ke8 52. Rxh7 Rc8+ 53. Kd6 Rd8+ 54. Kc7 Rd2 55. Nxg6 Rc2+ 56. Kd6 Rd2+ 57. Ke5 1-0

[Event "FRA-ch U20 Girls"]
[Site "Troyes"]
[Date "2010.04.16"]
[Round "6"]
[White "Vinckier, Delphine"]
[Black "Peyre, Camille"]
[Result "0-1"]
[WhiteElo "1811"]
[BlackElo "1931"]
[PlyCount "64"]
[EventDate "2010.04.11"]
[EventType "swiss"]
[EventRounds "9"]
[EventCountry "FRA"]
[SourceTitle "EXT 2012"]
[Source "ChessBase"]
[SourceDate "2011.11.24"]
[SourceVersion "1"]
[SourceVersionDate "2011.11.24"]
[SourceQuality "1"]

1. e4 c5 2. Nf3 e6 3. c3 Nf6 4. Bd3 d5 5. e5 Nfd7 6. Bc2 Nc6 7. d4 Be7 8. 0-0 Nf8 9. Be3 cxd4 10. cxd4 Nb4 11. Bb3 Ng6 12. Nc3 Bd7 13. a3 Nc6 14. Rc1 Na5 15. Ba2 Rc8 16. Nd2 0-0 17. b4 Nc4 18. Nxc4 dxc4 19. f4 a5 20. Ne4 b5 21. Nc5 axb4 22. axb4 Bc6 23. Bb1 Bxc5 24. bxc5 Qd5 25. Qe2 Ra8 26. Rf3 Ra3 27. Rd1 Nh4 28. Rg3 Nxg2 29. Bxh7+ Kh8 30. Rh3 Nxf4 31. Be4+ Nxh3+ 32. Kg2 Qxe4+ 0-1

[Event "FRA-ch U20 Girls"]
[Site "Troyes"]
[Date "2010.04.13"]
[Round "3"]
[White "Vinckier, Delphine"]
[Black "Bartolo, Alexia"]
[Result "1-0"]
[WhiteElo "1811"]
[BlackElo "1553"]
[PlyCount "73"]
[EventDate "2010.04.11"]
[EventType "swiss"]
[EventRounds "9"]
[EventCountry "FRA"]
[SourceTitle "EXT 2012"]
[Source "ChessBase"]
[SourceDate "2011.11.24"]
[SourceVersion "1"]
[SourceVersionDate "2011.11.24"]
[SourceQuality "1"]

1. e4 e5 2. Nc3 Nf6 3. Bc4 Nc6 4. d3 Bb4 5. Bg5 h6 6. Bd2 0-0 7. Nge2 Qe7 8. 0-0 Rd8 9. Nd5 Nxd5 10. Bxd5 Bxd2 11. Qxd2 Qc5 12. Bb3 Ne7 13. d4 Qd6 14. f4 exd4 15. Qxd4 Qxd4+ 16. Nxd4 d5 17. exd5 Nxd5 18. c3 c5 19. Nf3 Nxf4 20. Ne5 g5 21. Nxf7 Rd2 22. Nxg5+ Kg7 23. Rxf4 hxg5 24. Rf7+ Kg6 25. Raf1 Rd6 26. Bc2+ Kh5 27. Rh7+ Rh6 28. Rxh6+ Kxh6 29. Rf8 Kg7 30. Rd8 Kf6 31. Bd1 Ke7 32. Rh8 Kd6 33. Bg4 Kc7 34. Kf2 Rb8 35. Rxc8+ Rxc8 36. Bxc8 Kxc8 37. Kf3 1-0

[Event "FRA-chT2 0910"]
[Site "France"]
[Date "2009.10.17"]
[Round "2.8"]
[White "Vinckier, Delphine"]
[Black "Leberre, Tennesse"]
[Result "1/2-1/2"]
[WhiteElo "1801"]
[BlackElo "1843"]
[PlyCount "84"]
[EventDate "2009.09.27"]
[EventType "team-tourn"]
[EventRounds "11"]
[EventCountry "FRA"]
[SourceTitle "EXT 2011"]
[Source "ChessBase"]
[SourceDate "2010.11.26"]
[SourceVersion "1"]
[SourceVersionDate "2010.11.26"]
[SourceQuality "1"]

1. e4 c5 2. Nf3 Nf6 3. Nc3 d5 4. e5 d4 5. Ne2 Nd5 6. Ng3 Nc6 7. c3 dxc3 8. dxc3 e6 9. Bc4 b6 10. 0-0 Bb7 11. Ne4 Be7 12. Bg5 Bxg5 13. Nd6+ Kf8 14. Nxb7 Qe7 15. Nd6 Nxe5 16. Bxd5 exd5 17. Qxd5 Nxf3+ 18. Qxf3 Rd8 19. Ne4 Bh6 20. Rad1 g6 21. Rxd8+ Qxd8 22. Rd1 Qc7 23. Nf6 Kg7 24. Ng4 Bg5 25. Ne3 Re8 26. Re1 Qd8 27. Kf1 Qd2 28. Qe2 Qxe2+ 29. Rxe2 Bxe3 30. Rxe3 Rxe3 31. fxe3 Kf6 32. Ke2 c4 33. Kf3 Ke5 34. e4 h5 35. h3 g5 36. g4 hxg4+ 37. hxg4 b5 38. a3 a5 39. Ke3 f6 40. Kf3 Kd6 41. Ke3 Kc5 42. Kd2 Kd6 1/2-1/2

[Event "FRA-ch U18 Girls"]
[Site "Aix les Bains"]
[Date "2009.04.20"]
[Round "2"]
[White "Armas, Lara Maria"]
[Black "Vinckier, Delphine"]
[Result "1-0"]
[WhiteElo "1966"]
[BlackElo "1817"]
[PlyCount "75"]
[EventDate "2009.04.19"]
[EventType "swiss"]
[EventRounds "9"]
[EventCountry "FRA"]
[SourceTitle "CBM 130 Extra"]
[Source "ChessBase"]
[SourceDate "2009.07.02"]
[SourceVersion "2"]
[SourceVersionDate "2009.07.15"]
[SourceQuality "1"]

1. d4 e6 2. Nf3 Nf6 3. e3 b6 4. Bd3 Bb7 5. Nbd2 d6 6. b3 Nbd7 7. Bb2 c5 8. 0-0 Be7 9. a4 0-0 10. a5 Qc7 11. a6 Bc6 12. Nc4 Rac8 13. Nfd2 Ba8 14. f3 Nd5 15. Qe2 Nb4 16. c3 Nxd3 17. Qxd3 d5 18. Na3 Bd6 19. h3 Qc6 20. Nb5 Bb8 21. c4 dxc4 22. bxc4 cxd4 23. exd4 Rfd8 24. Qc3 Nf6 25. Rac1 Qd7 26. Rfe1 Bd5 27. Qb3 Bc6 28. Ne4 Nxe4 29. fxe4 Bxb5 30. cxb5 Bf4 31. Rc2 Rxc2 32. Qxc2 Qxb5 33. Qf2 Bg3 34. Qxg3 Qxb2 35. Rd1 Qe2 36. Rc1 Qxe4 37. Qc7 Qxd4+ 38. Kh1 1-0

[Event "FRA-ch Accession"]
[Site "Besancon"]
[Date "2006.08.22"]
[Round "7"]
[White "Marechal, Stanislas"]
[Black "Vinckier, Delphine"]
[Result "0-1"]
[WhiteElo "1510"]
[BlackElo "1590"]
[PlyCount "72"]
[EventDate "2006.08.15"]
[EventType "swiss"]
[EventRounds "10"]
[EventCountry "FRA"]
[SourceTitle "CBM 113 Extra"]
[Source "ChessBase"]
[SourceDate "2006.09.14"]
[SourceVersion "1"]
[SourceVersionDate "2006.09.14"]
[SourceQuality "1"]

1. d4 d5 2. Nf3 Nf6 3. e3 Bf5 4. c4 e6 5. Qb3 Nc6 6. a3 b6 7. Qb5 Qd7 8. cxd5 Nxd5 9. Ne5 Nxe5 10. dxe5 c6 11. Qa4 Bg6 12. Bd2 Rd8 13. Nc3 Bc5 14. b4 Nxb4 15. Ne4 Bxe4 16. Bxb4 Bxb4+ 17. Qxb4 c5 18. Qb2 0-0 19. Bb5 Bc6 20. Bxc6 Qxc6 21. 0-0 b5 22. Rfc1 c4 23. Qc2 Rb8 24. a4 a6 25. axb5 axb5 26. Ra5 Rfc8 27. Rd1 Qc7 28. Qc3 b4 29. Qa1 c3 30. Qa4 b3 31. Rd7 b2 32. Rb5 b1Q+ 33. Rxb1 Rxb1+ 34. Rd1 Rxd1+ 35. Qxd1 c2 36. Qc1 Qd7 0-1